[Event "Calabria Region-ch"]
[Site "Amantea"]
[Date "2009.06.02"]
[Round "6"]
[White "Fittante, Enrico"]
[Black "Rizzuti, Pasquale"]
[Result "0-1"]
[WhiteElo "1479"]
[BlackElo "1814"]
[PlyCount "80"]
[EventDate "2009.05.30"]
[EventType "swiss"]
[EventRounds "6"]
[EventCountry "ITA"]
[SourceTitle "EXT 2011"]
[Source "ChessBase"]
[SourceDate "2010.11.26"]
[SourceVersion "1"]
[SourceVersionDate "2010.11.26"]
[SourceQuality "1"]

1. d4 c5 2. dxc5 e6 3. Nf3 Bxc5 4. e3 Nf6 5. Bd3 Nc6 6. a3 a5 7. Nc3 d5 8. 0-0 0-0 9. b3 e5 10. Be2 Bg4 11. Bb2 Re8 12. h3 Bxf3 13. Bxf3 e4 14. Be2 Ne5 15. Nb5 Rc8 16. Nd4 g6 17. g3 Nc6 18. Nxc6 bxc6 19. a4 Nd7 20. h4 Ne5 21. Kg2 f5 22. Qd2 Qe7 23. Bxe5 Qxe5 24. Qxa5 Bd6 25. Qd2 Rb8 26. a5 Re7 27. a6 Ra7 28. Rfb1 Bb4 29. Qd1 Bc3 30. Ra4 c5 31. Qf1 Kg7 32. Bb5 Rb6 33. Rd1 h6 34. Ra2 g5 35. hxg5 hxg5 36. Bd7 f4 37. exf4 gxf4 38. Bh3 f3+ 39. Kh2 Rh6 40. Qb5 Rxh3+ 0-1

[Event "Calabria Province-ch"]
[Site "San Fili"]
[Date "2007.06.10"]
[Round "4"]
[White "Fittante, Enrico"]
[Black "Sansosti, Simona"]
[Result "1-0"]
[WhiteElo "1530"]
[BlackElo "1362"]
[PlyCount "75"]
[EventDate "2007.06.08"]
[EventType "swiss"]
[EventRounds "5"]
[EventCountry "ITA"]
[SourceTitle "EXT 2010"]
[Source "ChessBase"]
[SourceDate "2010.11.25"]
[SourceVersion "1"]
[SourceVersionDate "2010.11.25"]
[SourceQuality "1"]

1. e4 e5 2. Bc4 Nf6 3. d3 Nc6 4. Nf3 Be7 5. a3 0-0 6. c3 d6 7. Nbd2 a5 8. Nf1 Bg4 9. h3 Bh5 10. Be3 d5 11. exd5 Nxd5 12. Ng3 Nxe3 13. fxe3 Bh4 14. 0-0 Bxg3 15. Qd2 e4 16. Nd4 Nxd4 17. exd4 Qh4 18. dxe4 Kh8 19. e5 Rae8 20. b4 a4 21. Qe3 Re7 22. Bb5 f6 23. e6 Be8 24. Bc4 b5 25. Be2 Bh5 26. Bxh5 Qxh5 27. Qxg3 Rxe6 28. Qxc7 Rfe8 29. Rad1 Qd5 30. Qc5 Qa2 31. d5 Re2 32. Rf2 Rxf2 33. Qxf2 Re2 34. Qg3 h6 35. d6 Qc2 36. Rd5 Re5 37. Rxe5 fxe5 38. Qxe5 1-0

[Event "CS Province-ch"]
[Site "Amantea"]
[Date "2007.01.06"]
[Round "2"]
[White "Magli, Francesco"]
[Black "Fittante, Enrico"]
[Result "1/2-1/2"]
[WhiteElo "1440"]
[BlackElo "1530"]
[PlyCount "73"]
[EventDate "2007.01.05"]
[EventType "swiss"]
[EventRounds "5"]
[EventCountry "ITA"]
[SourceTitle "EXT 2010"]
[Source "ChessBase"]
[SourceDate "2010.11.25"]
[SourceVersion "1"]
[SourceVersionDate "2010.11.25"]
[SourceQuality "1"]

1. e4 b6 2. d4 Bb7 3. Nc3 e6 4. Bd3 Bb4 5. Bd2 Nf6 6. Qe2 0-0 7. Nh3 h6 8. 0-0-0 Nc6 9. e5 Nh7 10. Qg4 Kh8 11. Qh5 Be7 12. Bxh6 g6 13. Qg4 Rg8 14. Rde1 Bf8 15. Bg5 Nxg5 16. Nxg5 Bh6 17. h4 Ne7 18. Kb1 Bxg5 19. hxg5+ Kg7 20. Rh6 Rh8 21. Reh1 Rxh6 22. Rxh6 Qg8 23. Qf4 Nf5 24. g4 Nxh6 25. gxh6+ Kh7 26. g5 a6 27. Be4 c6 28. Na4 b5 29. Nc5 Bc8 30. Qf6 Ra7 31. b4 a5 32. c3 axb4 33. cxb4 Ra3 34. Kb2 Ra7 35. Kb3 Rc7 36. f3 Ra7 37. a3 1/2-1/2

[Event "Calabria Province-ch"]
[Site "Catanzaro"]
[Date "2006.06.04"]
[Round "5"]
[White "Fittante, Enrico"]
[Black "Piccoli, Vincenzo"]
[Result "0-1"]
[WhiteElo "1437"]
[BlackElo "1667"]
[PlyCount "96"]
[EventDate "2006.06.02"]
[EventType "swiss"]
[EventRounds "6"]
[EventCountry "ITA"]
[SourceTitle "EXT 2024"]
[Source "ChessBase"]
[SourceDate "2023.10.10"]
[SourceVersion "1"]
[SourceVersionDate "2023.10.10"]
[SourceQuality "1"]

1. e4 d5 2. Nc3 d4 3. Nd5 c6 4. Nb4 e5 5. Nf3 Bxb4 6. Nxe5 Qe7 7. Nf3 Qxe4+ 8. Be2 Ne7 9. 0-0 0-0 10. d3 Qg6 11. Bf4 c5 12. a3 Ba5 13. Ne5 Qf6 14. Bg3 Nf5 15. Nc4 Nxg3 16. fxg3 Qd8 17. Bf3 Nc6 18. Be4 Bc7 19. Qh5 h6 20. Rf2 Qg5 21. Qe2 Bg4 22. Qf1 Be6 23. Nd2 Rab8 24. Nf3 Qe7 25. Re1 Qd7 26. Rfe2 c4 27. Nh4 Ba5 28. Rd1 cxd3 29. Bxd3 Ne7 30. b4 Bb6 31. Kh1 Bg4 32. Nf3 Rfe8 33. c4 Ng6 34. c5 Bxf3 35. Qxf3 Rxe2 36. Qxe2 Bc7 37. Re1 a6 38. Qe4 Kf8 39. Rf1 Ne5 40. Bc2 d3 41. Bb3 d2 42. Qh7 Rd8 43. Qh8+ Ke7 44. Qxg7 d1Q 45. Bxd1 Qxd1 46. Kg1 Qd4+ 47. Kh1 Qf2 48. Rg1 Nf3 0-1

[Event "Calabria Province-ch"]
[Site "Catanzaro"]
[Date "2006.06.02"]
[Round "1"]
[White "Bellisario, Carlo"]
[Black "Fittante, Enrico"]
[Result "0-1"]
[WhiteElo "1700"]
[BlackElo "1437"]
[PlyCount "82"]
[EventDate "2006.06.02"]
[EventType "swiss"]
[EventRounds "6"]
[EventCountry "ITA"]
[SourceTitle "EXT 2024"]
[Source "ChessBase"]
[SourceDate "2023.10.10"]
[SourceVersion "1"]
[SourceVersionDate "2023.10.10"]
[SourceQuality "1"]

1. c4 d6 2. Nc3 e5 3. g3 Nf6 4. Bg2 c6 5. e3 Be7 6. Nge2 Nbd7 7. 0-0 0-0 8. a3 Rb8 9. b4 a6 10. d3 Re8 11. a4 Nb6 12. a5 Na8 13. Bb2 Be6 14. e4 Nc7 15. Na4 Na8 16. c5 Qd7 17. f4 Bh3 18. fxe5 dxe5 19. Bxe5 Bxg2 20. Kxg2 Rbd8 21. Bxf6 Bxf6 22. Ra3 Bd4 23. Nxd4 Qxd4 24. Qb3 Rf8 25. Qc3 Qe3 26. Qe1 Qd4 27. Qc3 Qd7 28. Nb6 Nxb6 29. axb6 f5 30. exf5 Rxf5 31. Rxf5 Qxf5 32. Qc4+ Kh8 33. Qe4 Qf6 34. Ra2 Rf8 35. Qe2 Qd4 36. Rb2 h6 37. Kh1 Rd8 38. Rb3 Qd5+ 39. Qe4 Qxb3 40. Qe7 Qxd3 41. Qxb7 Qf1# 0-1

[Event "Cutro Weekend op"]
[Site "Cutro"]
[Date "2006.03.26"]
[Round "4"]
[White "Fittante, Enrico"]
[Black "Virelli, Salvatore"]
[Result "1/2-1/2"]
[WhiteElo "1437"]
[BlackElo "1545"]
[PlyCount "81"]
[EventDate "2006.03.24"]
[EventType "swiss"]
[EventRounds "5"]
[EventCountry "ITA"]
[SourceTitle "EXT 2024"]
[Source "ChessBase"]
[SourceDate "2023.10.10"]
[SourceVersion "1"]
[SourceVersionDate "2023.10.10"]
[SourceQuality "1"]

1. Nf3 Nf6 2. d3 d5 3. Bg5 Nbd7 4. Nc3 e6 5. e3 Be7 6. Be2 0-0 7. 0-0 a6 8. e4 c6 9. e5 Ne8 10. Bf4 f6 11. d4 b5 12. Bd3 Qc7 13. Ne2 f5 14. c3 g6 15. g3 c5 16. Kg2 c4 17. Bc2 b4 18. h4 Ng7 19. Bh6 Re8 20. Nf4 Nf8 21. Ng5 bxc3 22. bxc3 Bxg5 23. Bxg5 h5 24. Bf6 Qf7 25. Nh3 Nh7 26. Bg5 Rb8 27. Rb1 Bd7 28. f4 Bc6 29. Ba4 Rxb1 30. Qxb1 Bxa4 31. Qb4 Qd7 32. Rb1 Qb5 33. a3 Nxg5 34. Nxg5 Qxb4 35. axb4 Rb8 36. Ra1 Bb5 37. Kf2 Ra8 38. Ke3 Bd7 39. Kd2 Ne8 40. Kc2 Nc7 41. Kd2 1/2-1/2